000 00679nam a2200277Ia 4500
005 20260324144755.0
008 008 260324s9999 xx 000 0 eng d
020 _a9780203077665
037 _aEBOOK
040 _aCRL
040 _beng
040 _cCRL
041 _2eng
041 _aeng
084 _qCRL
100 _aErik Hornell; Jan-Erik Vahlne
_91220555
245 0 _aMultinationals: The Swedish Case (RLE International Business)
260 _bTaylor and Francis
260 _c1986
365 _a
365 _b230
856 _uhttp://www.taylorfrancis.com/books/9780203077665
942 _cEBOOK
999 _c1827593
_d1827593